Νίκος Εγγονόπουλος : η ποίηση στον καιρό του τραβήγματος της ψηλής σκάλας
Αποθηκεύτηκε σε:
| Κύριος συγγραφέας: | |
|---|---|
| Μορφή: | Βιβλίο |
| Γλώσσα: | Greek |
| Δημοσίευση: |
Αθήνα :
Στιγμή,
1987.
|
| Θέματα: | |
| Ετικέτες: |
Προσθήκη ετικέτας
Δεν υπάρχουν, Καταχωρήστε ετικέτα πρώτοι!
|
MARC
| LEADER | 00000cam a2200000 i 4500 | ||
|---|---|---|---|
| 001 | 1/29014 | ||
| 008 | 931209s1987 gr | ||| |||| ||gre|| | ||
| 035 | |a 1991 |l 10023142 | ||
| 035 | |a 1994 |b 3 |c Αγορά/Αναγνωστοπούλου | ||
| 035 | |a 1990 |b 1 |c Αγορά/Αναγνωστοπούλου | ||
| 040 | |a GR-MyUA |b gre |e AACR2 | ||
| 041 | 0 | |a gre | |
| 082 | 0 | |a 889.1892 | |
| 100 | 1 | |a Αμπατζοπούλου, Φραγκίσκη, |d 1944- | |
| 245 | 1 | 0 | |a Νίκος Εγγονόπουλος : |b η ποίηση στον καιρό του τραβήγματος της ψηλής σκάλας / |c Φραγκίσκη Αμπατζοπούλου. |
| 260 | |a Αθήνα : |b Στιγμή, |c 1987. | ||
| 300 | |a 126 σ. ; |c 19 εκ. | ||
| 600 | 1 | 0 | |a Εγγονόπουλος, Νίκος, |d 1910-1985. |
| 650 | 0 | 0 | |a Greek essays, Modern. |
| 650 | 0 | 0 | |a Poets, Greek (Modern) |y 20th century. |
| 852 | |a INST |b CHIOS |e 19960807 |h 889.1892 ΑΜΠ |p 005200009325 |q 005200009325 |t BK |y 0 | ||
| 852 | |a INST |b RHODES |e 19931209 |h 889.132 ΑΜΠ |p 005400004112 |q 005400004112 |t BK |y 0 | ||
| 852 | |a INST |b RHODES |e 19960913 |h 889.132 ΑΜΠ |p 005400007593 |q 005400007593 |t BK |y 0 | ||
| 852 | |a INST |b SAMOS |e 19941103 |h 889.4 ΑΜΠ |p 005300000167 |q 005300000167 |t BK |y 0 | ||
| 909 | |a Χ |b 019434 | ||
| 909 | |a Σ |b 019194 | ||
| 909 | |a Ρ |b 015945 | ||
| 909 | |a Ρ |b 038511 | ||